Promi-Stimmen animierter Charaktere #1 - Statistiken

Allgemein
  • Dieses Quiz wurde 135 mal gespielt
  • Das Durchschnittsergebnis liegt bei 10 aus 16
Antwortstatistiken
Bildquiz Hint Antwort % Korrekt
Wetten, dass...?, Haribo Thomas Gottschalk
94%
Circus HalliGalli, Das Duell um die Welt Joko Winterscheidt
80%
Schlag den Star, Wer weiß denn sowas? Elton
77%
Kokowääh, Manta Manta Til Schweiger
76%
Ladykracher, LOL: Last One Laughing Anke Engelke
75%
194 Länder, "Warum machst du dir nen' Kopf?" Mark Forster
74%
Die Pfefferkörner, Wildberry Lillet Nina Chuba
73%
Umstrittener Comedian, "Kennste...Kennste...Kennste...?" Mario Barth
69%
Horst Schlämmer, Ich bin dann mal weg Hape Kerkeling
65%
Ein Bett im Kornfeld, König von Mallorca Jürgen Drews
63%
Märchen in Asozial, Songs aus der Bohne Julien Bam
61%
Alles Nichts Oder?!, Stammbesetzung von Genial Daneben Hella von Sinnen
53%
1. GNTM-Gewinnerin, Moderatorin von ANTM Lena Gercke
51%
Comedian mit eigener, nach ihm benannter Sitcom Bastian Pastewka
44%
Pop-Rock-Sängerin, Frontfrau von Silbermond Stefanie Kloß
37%
Hip-Hop-Musiker, Mitglied der Beginner Jan Delay
33%
Keine übereinstimmenden Quizze gefunden
Verteilung der Resultate
Anzahl Personen mit jedem Resultat
Perzentil nach korrekt beantworteten Fragen
Ihre Resultats-Entwicklung
Sie haben dieses Quiz noch nicht gespielt